000 01146nam a22003257a 4500
003 CHAP
005 20220329134419.0
008 971013s1983 r 00010 d
010 _a20167
011 _a21139
035 _a25228
040 _cCHAP
090 _aTesis
100 0 0 _aArámburo Salas, Pedro Javier.
_97289
245 _aPrueba de comportamiento en animales de raza Santa Gertrudis, basada en lahabilidad de aumento de peso, post-destete bajo pastoreo
260 _a(Monterrey, N.L.) :
_bEl autor,
_c1983
300 _a68 h.
_b; gráfs
502 _aTesis (Ing. Agrónomo Zootecnista) -- ITESM. Div. de Ciencias Agropecuarias y Marítimas
590 _aALEPH
_b10
_c20130110
_lUCH01
_h1243
590 _aBATCH-UPD
_b10
_c20130110
_lUCH01
_h1708
590 _aBATCH-UPD
_b10
_c20130410
_lUCH01
_h1054
590 _aBATCH-UPD
_b10
_c20130914
_lUCH01
_h1509
590 _aCONVERSION
_b10
_c20130109
_lUCH01
_h1312
650 1 4 _aGanado de carne
_xPastoreo.
_945101
650 1 4 _aGanado de carne
_xPeso.
_945102
650 1 4 _aGanado Santa Gertrudis.
_945423
901 _aBK
942 _cTESIS
949 _bBC
_cTES
_d-58135
_eTS1
_i25228
_si
999 _c20167
_d20167